| 000 | 01110naa a22003257a 4500 | ||
|---|---|---|---|
| 001 | BR7806989 | ||
| 003 | BR-BrBNA | ||
| 005 | 20240918174252.0 | ||
| 007 | ta | ||
| 008 | 230509b bl.||||| |||| 00| 0 por d | ||
| 040 |
_aBR-BrBNA _bpor _cBiblioteca Nacional de Agricultura |
||
| 041 | _a(Pt) | ||
| 072 |
_aF30 _b0336 _bG514 |
||
| 090 | _aF30 BR7806989 | ||
| 100 | 1 | _aArantes, N.E. | |
| 100 | 1 | _aGuimaraes, J.A.P. | |
| 100 | 1 | _aMarinato, R. | |
| 100 | 1 | _aReis, M.S. | |
| 245 | 1 | _aCompeticao de cultivares e linhagens de soja em seis regioes fisiograficas do estado de Minas Gerais [Brasil] | |
| 260 | 3 |
_aBelo Horizonte, MG (Brasil): _c1978. |
|
| 500 | _aProjeto soja. Relatorio 75/76 Belo Horizonte, MG (Brasil): 1978. p. 13-35 (BR7806989-AM)F30 | ||
| 650 | _aSOJA | ||
| 650 | _aCOMPETICAO DE VARIEDADE | ||
| 650 | _aCOMPORTAMENTO DE VARIEDADE | ||
| 650 | _aLINHAGEM | ||
| 650 | _aMINAS GERAIS | ||
| 773 | 0 |
_tProjeto soja. Relatorio 75/76 [Minas Gerais, Brasil] _w0336 BR7806987 _gBelo Horizonte, MG (Brasil), 1978. _q175 p. |
|
| 909 |
_a202404 _bLucia _c55 _dLucia Elande |
||
| 942 |
_cAM _2AGRIS |
||
| 999 |
_c310005 _d310005 |
||